000 01781nam a2200349 a 4500
001 BRCA_3221
005 20190320204154.0
008 040309s1771----enka---###---#000-0#eng-#
041 _aeng
044 _aenk
084 _a522
_b.F69
_c1771
100 1 _aCervantes Saavedra, Miguel de
_d1547-1616
_9213
245 1 0 _aThe History of the Renowned Don Quixote de la Mancha
_cWritten in Spanish by Miguel de Cervantes Saavedra.
260 _aGlasgow (Inglaterra)
_bR. and A. Foulis
_c1771
300 _a4 v.
_bil.
_c17 cm.
500 _aContenido : v.1. Primera parte. Noticia sobre Cervantes. Prólogo del autor. -- v.2. Texto. -- v.3. Segunda parte. Prólogo del autor. -- v.4. Texto
500 _aEdición : Translated by Several Hands and Published by Late Mr. Motteux. Revised a new from the Best Spanish Edition by Mr. Ozell who has Likewise added Explanatory Notes from Jervas, Oudin, Pineda, Gregorio and the Royal Academy Dictionary of Madrid
500 _aEjemplar igual al anterior [521], pero ilustrado con algunas láminas de Hayman. Piel; ejemplar roto Lúdovik Osterc
500 _aEstado físico : Los vol. 1,2 y 3 presentan encuadernación desprendida. Vol. 1 primeras hojas desprendidas
500 _aQM418
546 _aTexto en : inglés
650 1 4 _aNovela española
_yÉpoca clásica, 1500-1700
_9215
650 1 4 _aLiteratura española
_yÉpoca clásica, 1500-1700
_9216
650 1 4 _aNovela española
_ySiglo XVII
_9217
650 1 4 _aDon Quijote (Personaje ficticio)
_eNovela
_9218
700 1 _aMotteux, Peter Anthony
_d1663-1718
_eTraductor
_98606
700 1 _aOzell, John
_d?-1743
_eAnotador
_98607
700 1 _aOudin, Cesar
_d?-1625
_eTraductor
_98288
740 0 _aEl Ingenioso Hidalgo Don Quijote de la Mancha
902 _aQFM
942 _2lcc
_cB
999 _c2957
_d2957